Prof. G Ram Reddy Library

University of madras annual report for the academic year-2004-2005 (Record no. 151623)

MARC details
000 -LEADER
fixed length control field 00303nam a2200121Ia 4500
003 - CONTROL NUMBER IDENTIFIER
control field LDD
040 ## - CATALOGING SOURCE
Transcribing agency LDD
245 #0 - TITLE STATEMENT
Title University of madras annual report for the academic year-2004-2005
260 ## - PUBLICATION, DISTRIBUTION, ETC.
Place of publication, distribution, etc. University of Madras
Date of publication, distribution, etc. 2006
901 ## - LOCAL DATA ELEMENT A, LDA (RLIN)
a 1254
b 03-03-1998
902 ## - LOCAL DATA ELEMENT B, LDB (RLIN)
b 23-03-1998
942 ## - ADDED ENTRY ELEMENTS (KOHA)
Source of classification or shelving scheme Dewey Decimal Classification
Koha item type CD-ROM
Holdings
Withdrawn status Lost status Source of classification or shelving scheme Materials specified (bound volume or other part) Damaged status Not for loan Home library Current library Date acquired Total Checkouts Barcode Date last seen Price effective from Koha item type
No   Dewey Decimal Classification Dryad     Library and Documentation Division Library and Documentation Division 11/05/2018   CD003846 11/05/2018 11/05/2018 CD-ROM

© Prof. G Ram Reddy Centre Library, Indira Gandhi National Open University, Maidan Garhi, New Delhi, 110068
+91-011-29532797 | FAX+91-011-29533393 |